LEADER 01358nam 2200361Ia 450 001 996383823503316 005 20221107214007.0 035 $a(CKB)1000000000596416 035 $a(EEBO)2264196951 035 $a(OCoLC)09642564 035 $a(EXLCZ)991000000000596416 100 $a19830624d1675 uy | 101 0 $aeng 135 $aurbn||||a|bb| 200 10$aMiscelanea medica, or, A supplement to kitchin-physick$b[electronic resource] $eto which is added a short discourse on stoving and bathing : with some transient and occasional notes on Dr. George Thompsons galino-mempsis 210 $aLondon $c[s.n.]$d1675 215 $a[6], 52 p., [1] leaf of plates $cill 300 $a"Epistola dedicatoria" (in Latin), signed: T.C. 300 $aItem at UMI microfilm reel 2461 bound and filmed with: Kitchin-physick: or, Advice to the poor (Wing C4792B). 300 $aReproduction of original in: Henry E. Huntington Library. 330 $aeebo-0113 606 $aCookery for the sick 606 $aHydrotherapy$vEarly works to 1800 615 0$aCookery for the sick. 615 0$aHydrotherapy 700 $aCock$b Thomas$01001965 801 0$bUMI 801 1$bUMI 801 2$bWaOLN 906 $aBOOK 912 $a996383823503316 996 $aMiscelanea medica, or, A supplement to kitchin-physick$92389310 997 $aUNISA LEADER 01162nam 2200337 450 001 996575299203316 005 20230814220509.0 010 $a1-5386-7584-6 035 $a(CKB)4970000000008921 035 $a(WaSeSS)IndRDA00121262 035 $a(EXLCZ)994970000000008921 100 $a20200326d2018 uy 0 101 0 $aeng 135 $aur||||||||||| 181 $ctxt$2rdacontent 182 $cc$2rdamedia 183 $acr$2rdacarrier 200 10$a2018 11th International Workshop on Human Friendly Robotics $e13-14 November 2018, Shenzhen, China /$fInstitute of Electrical and Electronics Engineers 210 1$aPiscataway, New Jersey :$cInstitute of Electrical and Electronics Engineers,$d2018. 215 $a1 online resource (90 pages) 311 $a1-5386-7585-4 606 $aHuman-robot interaction$vCongresses 615 0$aHuman-robot interaction 676 $a629.8 712 02$aInstitute of Electrical and Electronics Engineers, 801 0$bWaSeSS 801 1$bWaSeSS 906 $aPROCEEDING 912 $a996575299203316 996 $a2018 11th International Workshop on Human Friendly Robotics$92525327 997 $aUNISA